Word Scramble - Asian Countries - Statistics

General Stats
  • This quiz has been taken 108,951 times
  • The average score is 15 of 20
Answer Stats
Country % Correct
Iraq
93%
Japan
91%
Qatar
90%
Iran
89%
Laos
89%
China
87%
India
87%
Oman
87%
Kazakhstan
86%
Philippines
85%
Syria
85%
Nepal
83%
Yemen
83%
Myanmar
82%
Afghanistan
81%
Azerbaijan
81%
Turkey
81%
Bhutan
79%
Kyrgyzstan
79%
Taiwan
79%
Kuwait
78%
Malaysia
78%
Cyprus
77%
Jordan
76%
Vietnam
74%
Tajikistan
72%
Georgia
71%
Uzbekistan
71%
Mongolia
70%
Bangladesh
68%
Israel
68%
Pakistan
68%
Brunei
67%
Bahrain
64%
Turkmenistan
64%
Indonesia
61%
Cambodia
59%
Lebanon
52%
Armenia
51%
Thailand
51%
Maldives
45%
Singapore
45%
No matching quizzes found
Score Distribution
Percent of People with Each Score
Percentile by Number Answered
Your Score History
You have not taken this quiz